=LDR 00000nam 2200000 4500 =001 INLIS000000000038299 =005 20130612143955 =008 ***********************************Ind** =035 ##$$0010-061300000038299 =041 ##$$a Ind =082 ##$$a 641.5 =090 ##$$a 641.5, Erw a =100 ##$$a Erwin, Lilly T =245 ##$$a Aroma rasa kuliner Indonesia, Lauk Gorengan, Lilly T. Erwin; Editor, Intarina Hardiman =260 ##$$a 2002 $b Jakarta =300 ##$$a 56 hlm, Ilus, 22 cm =650 ##$$a Masakan, Resep =700 ##$$a Hardiman, Intarina =850 ##$$a NBPNMAT =990 ##$$a 0145/BPAP-NTB/2015